书目信息 |
| 题名: |
资本全球化
|
|
| 作者: | 杜赫罗 , 欣克拉麦特 著 ;倪廷硕 , 肖炼 译 | |
| 分册: | ||
| 出版信息: | 北京 社会科学文献出版社 2005 |
|
| 页数: | 370页 | |
| 开本: | 21cm | |
| 丛书名: | 全球化译丛 | |
| 单 册: | ||
| 中图分类: | F038.1 | |
| 科图分类: | ||
| 主题词: | 产权--chan quan--研究 | |
| 电子资源: | ||
| ISBN: | 7-80190-836-8 | |
| 000 | 01864nam0 2200421 450 | |
| 000 | 01827nam0 2200409 450 | |
| 000 | 01826nam0 2200421 450 | |
| 000 | 01772nam0 2200397 450 | |
| 000 | 01768nam0 2200385 450 | |
| 000 | 01731nam0 2200373 45 | |
| 001 | 0195148058 | |
| 005 | 20061221095854.28 | |
| 010 | @a7-80190-836-8@dCNY28.00 | |
| 099 | @aCAL 012005138876 | |
| 100 | @a20060829d emky0chiy0121 ea | |
| 101 | 1 | @achi@cger |
| 102 | @aCN@b110000 | |
| 105 | @ay z 000yy | |
| 200 | 1 | @a资本全球化@AZi Ben Quan Qiu Hua@d=Alternatives to the global tyra nny of capital @Azi ben quan qiu hua@e产权为民, 不为利@EChan Quan Wei Min , Bu Wei Li@f(德) 乌尔里希·杜赫罗, (德) 弗朗兹·J. 欣克拉麦特著@F( De ) Wu Er Li Xi· Du He Luo , ( De ) Fu Lang Zi· J. Xin Ke La Mai Te Zhu@d=property for people, not for profit@fUlrich Duchrow, Franz J. Hinkelammert@g倪延硕, 肖炼译@zeng |
| 210 | @a北京@c社会科学文献出版社@d2005 | |
| 215 | @a370页@d21cm | |
| 225 | 2 | @a全球化译丛@Aquan qiu hua yi cong |
| 300 | @a其他题名:产权为民, 不为利 | |
| 300 | @a并列题名:Alternatives to the global tyranny of capital | |
| 306 | @a据齐德书德有限公司2004年德文版译 | |
| 410 | 0 | @12001 @a全球化译丛 |
| 510 | 1 | @aAlternatives to the global tyranny of capital@eProperty for people, not for profit@zeng |
| 517 | 1 | @a产权为民, 不为利@Achan quan wei min , bu wei li |
| 606 | 0 | @a产权@Achan quan@x研究 |
| 690 | @aF038.1@v4 | |
| 701 | 1 | @a杜赫罗@Adu he luo@bU.@g(Duchrow, Ulrich)@e德@f1935-@4著 |
| 701 | 1 | @a欣克拉麦特@Axin ke la mai te@bF. J.@g(Hinkelammert, Franz Josef)@e德@f1931-@4著 |
| 702 | 0 | @a倪廷硕@Ani ting shuo@4译 |
| 702 | 0 | @a肖炼@Axiao lian@4译 |
| 801 | 0 | @aCN@b中图数据@c20061221 |
| 905 | @a10447@dF038.1@e50 | |
| 资本全球化=Alternatives to the global tyra nny of capital :产权为民, 不为利/(德) 乌尔里希·杜赫罗, (德) 弗朗兹·J. 欣克拉麦特著=property for people, not for profit/Ulrich Duchrow, Franz J. Hinkelammert/倪延硕, 肖炼译.-北京:社会科学文献出版社,2005 |
| 370页;21cm.-(全球化译丛) |
| 其他题名:产权为民, 不为利.-并列题名:Alternatives to the global tyranny of capital |
| ISBN 7-80190-836-8:CNY28.00 |
| ● |
| 相关链接 |
|
|
|
|
正题名:资本全球化
索取号:F038.1/50
 
预约/预借
| 序号 | 登录号 | 条形码 | 馆藏地/架位号 | 状态 | 备注 |
| 1 | 0606940 | 206069403 | 第一样本阅览室/ [索取号:F038.1/50] | 在馆 | |
| 2 | 0606941 | 206069412 | 第一借阅区/ [索取号:F038.1/50] | 在馆 | |
| 3 | 0606942 | 206069421 | 第一借阅区/ [索取号:F038.1/50] | 在馆 |